10 największych miast w małopolskim - Statystyki

Ogólne statystyki
  • Ten quiz został rozwiązany 238 razy
  • Średni wynik to 7 z 10
Statystyki odpowiedzi
Liczba ludności Miasto % Poprawnych
761 873 Kraków
100%
111 376 Tarnów
91%
27 556 Zakopane
89%
83 853 Nowy Sącz
88%
33 598 Nowy Targ
78%
39 444 Oświęcim
68%
30 104 Bochnia
63%
36 477 Olkusz
55%
37 898 Chrzanów
49%
28 255 Gorlice
43%
Nie znaleziono quizów pasujących do podanych kryteriów
Rozkład punktacji
Procent ludzi z każdym wynikiem
Percentyl według liczby udzielonych odpowiedzi
Twoja historia wyników
Nie rozwiązałeś tego quizu